[Event "It (cat.7)"]
[Site "masterchessopen.com Santiago (Chile)"]
[Date "2007.10.13"]
[Round "6"]
[White "Vasquez Rodrigo (CHI)"]
[Black "Alonso Salvador (ARG)"]
[Result "0-1"]
[WhiteElo "2522"]
[BlackElo "2403"]

{ Alonso Salvador (ARG) +0 =0 -3 } 1.e4 c5 2.Nf3 Nc6 3.d4 cxd4 4.Nxd4 Nf6
5.Nc3 d6 6.Bg5 e6 7.Qd2 Be7 8.O-O-O O-O 9.f3 { ? } ( 9.f4 Nxd4 10.Qxd4 Qa5
11.h4 e5 12.Qe3 exf4 13.Bxf4 Be6 14.Bxd6 Bxd6 15.Rxd6 Rac8 16.a3 Rc6 17.Rxc6
bxc6 18.Be2 Nd7 19.Rd1 Qc7 20.g3 Rb8 21.Qd4 Qxg3 22.Qxa7 Nf6 23.Kb1 h5 24.a4
Bg4 25.Bxg4 hxg4 26.Qd4 Qxh4 27.e5 Nd5 28.Nxd5 cxd5 { ...1-0, Topalov Veselin
2804 - Nisipeanu Liviu-Dieter 2695 , Bucharest 9. 4.2006 Match } ) 9...a6 { ?
} ( 9...Nxd4 10.Qxd4 a6 11.h4 b5 12.Kb1 Qc7 13.h5 h6 14.Bh4 Bb7 15.Ne2 Rac8
16.Qd2 Rfd8 17.Re1 e5 18.Bxf6 Bxf6 19.Nc3 Bg5 20.Qd1 Qa5 21.Nd5 Bxd5 22.exd5
Rxc2 23.Kxc2 Qxa2 24.f4 Rc8+ 25.Kd2 Bxf4+ 26.Ke2 Qxb2+ 27.Kf3 Rc1 { 0-1,
Ivanchuk Vassily 2730 - Anand Viswanathan 2795 , Linares 1998 It (cat.21) } )
10.h4 Nxd4 11.Qxd4 Qc7 { ? = +0.44 CAP } ( 11...b5 12.Bxf6 Bxf6 13.Qxd6 Qxd6
14.Rxd6 Bb7 15.Rd7 Bc6 16.Rc7 Rfc8 17.Rxc8+ Rxc8 18.Bd3 h5 19.g3 b4 20.Ne2 a5
21.Rd1 g6 22.Kb1 Kf8 23.c4 a4 24.Bc2 Be8 25.b3 a3 26.Bd3 Be7 27.f4 Bc5 28.e5
Bc6 29.Rf1 Rd8 30.Kc2 Be3 31.Ng1 { ...0-1, Gurevich Ilya 2580 - Kasparov Garry
2815 , Internet 7. 6.1998 Blitz } ) 12.Bc4 { N } ( 12.Kb1 b5 13.Be2 ( 13.g4
Bb7 14.Be2 Rac8 15.Rd2 Rfd8 16.f4 b4 17.Qxb4 d5 18.Qa4 Bc6 19.Qxa6 Ra8 20.Qd3
dxe4 { 0-1, Casadei Mauro 2169 - Estremera Panos Sergio 2375 , Cesenatico 2.
9.2007 It (open) } ) 13...Rd8 14.Be3 Bb7 15.g4 d5 16.Qb6 Qc8 17.exd5 Nxd5
18.Nxd5 Bxd5 19.Bf4 Rd7 20.Qf2 Qc6 21.g5 Rc8 22.Rd2 b4 23.Rhd1 a5 24.Be5 Rcd8
25.Qe3 Bc5 26.Qf4 Qb6 27.Rd3 Bd6 28.h5 Bxe5 29.Qxe5 Qc5 30.f4 Qe7 31.Qe3 f6 {
...1/2-1/2, Krivokapic Marko 2352 - Damljanovic Branko 2615 , Pancevo 11.
3.2006 Ch SCG } ) ( 12.Qd2 b5 13.Bd3 b4 14.Ne2 a5 15.Kb1 a4 16.Nd4 Bd7 17.g4
Rfd8 18.h5 e5 19.Nf5 Bxf5 20.gxf5 a3 21.Rdg1 axb2 22.Bh6 Bf8 23.Rxg7+ Kh8
24.Rhg1 Rxa2 25.Kxa2 Qa7+ 26.Kxb2 Qa3+ 27.Kb1 Ra8 28.Ba6 Qxa6 29.Rg8+ Nxg8
30.Rxg8+ Kxg8 31.Qg5+ { 1/2-1/2, Lopez Martinez Josep Manuel 2505 - Guseinov
Gadir 2585 , Warsaw 23. 6.2005 Ch Europe } ) ( 12.h5 h6 13.Bh4 b5 14.g4 b4
15.Ne2 Bb7 16.g5 Rac8 17.Rd2 hxg5 18.Bxg5 b3 19.axb3 Nxe4 20.h6 e5 21.hxg7
exd4 22.gxf8=Q+ Kxf8 23.Bh6+ Ke8 24.fxe4 Bxe4 25.Rg1 Bf6 26.Bh3 Rb8 27.Rg8+
Ke7 28.Rxb8 Qxb8 29.Nxd4 Qh8 30.Bf5 Qxh6 31.Bxe4 Bxd4 { ...0-1, Klein Gernot
Dr 1975 - Armbrust Florian 2252 , Winterthur 14.10.2006 It (open) } ) ( 12.g4
b5 13.Be3 e5 14.Qb6 Qxb6 15.Bxb6 b4 16.Ne2 Be6 17.Ng3 Rfc8 18.Kb1 g6 19.h5 a5
20.Be3 Nd7 21.hxg6 fxg6 22.Rd2 a4 23.Rdh2 Nf8 24.Bd3 b3 25.cxb3 axb3 26.a3 Bc4
27.Rd1 Ne6 28.Bxc4 Rxc4 29.Rd3 Rf8 30.Bh6 Rb8 31.Bd2 Nc5 { ...0-1, Pikula
Dejan 2504 - Todorovic Jovan 2409 , Herceg Novi 7. 9.2007 Ch Montenegro (team)
(Premier League) } ) 12...b5 13.Bb3 Rb8 14.Bxf6 Bxf6 15.Qxd6 Qa7 16.Kb1 a5
17.a3 { ?! } ( 17.e5 { !? } 17...Be7 18.Qc6 a4 19.Nxb5 Rxb5 20.Qxb5 axb3
21.axb3 Qf2 22.Qf1 { } ) 17...a4 18.Ba2 Be7 19.Qd4 Bc5 20.Qe5 b4 21.Nxa4 Be7
22.axb4 { ? } ( { ? } 22.Bb3 bxa3 23.h5 h6 24.bxa3 Bxa3 25.Rh3 f6 { } )
22...Rxb4 23.Bb3 Bd7 24.Rxd7 Qxd7 25.Qa5 Qc6 26.Qa7 Rb7 27.Qd4 Ra8 28.Nc3 Rb4
29.Qd3 Bf6 30.Na2 Rd4 31.Qe3 Qb6 32.Qe1 Be5 33.Qc1 Qb8 { } {#R} 0-1

[Event "It (cat.12)"]
[Site "masterchessopen.com Habana (Cuba)"]
[Round "0"]
[White "Soto Henry (CUB)"]
[Black "Hernandez Holman (CUB)"]
[Result "1-0"]
[WhiteElo "2267"]
[BlackElo "2135"]

1.e4 c5 2.Nf3 d6 3.d4 cxd4 4.Nxd4 Nf6 5.Nc3 Nc6 6.Bg5 e6 7.Qd2 Be7 8.O-O-O O-O
9.f3 Nxd4 10.Qxd4 a6 11.h4 Qc7 12.g4 b5 13.Kb1 b4 14.Ne2 a5 15.Qd2 a4 16.Bxf6
Bxf6 17.Qxd6 Qa5 18.Nc1 b3 19.cxb3 Rd8 20.Qc6 Bb7 21.Rxd8+ Rxd8 22.Qxb7 Qd2
23.bxa4 Be5 24.Qb5 Rc8 25.Bc4 Qd4 26.Nd3 Bd6 27.Rc1 h6 28.Bb3 Rb8 29.Qc4 Qe3
30.e5 {#r} 1-0

[Event "Czech League 2007/08 (2nd) (c)"]
[Site "masterchessopen.com Czech Republic"]
[Date "2007.11.18"]
[Round "3"]
[White "Voracek Miroslav (CZE)"]
[Black "Ringel Zbynek (CZE)"]
[Result "1-0"]
[WhiteElo "2171"]
[BlackElo "2298"]

1.e4 c5 2.Nf3 Nc6 3.d4 cxd4 4.Nxd4 Nf6 5.Nc3 d6 6.Bg5 e6 7.Qd2 Be7 8.O-O-O O-O
9.Nb3 a6 10.Bxf6 Bxf6 11.Qxd6 Bxc3 12.bxc3 Qf6 13.Qc5 Qf4+ 14.Kb2 Qxe4 15.Bd3
Qe5 16.Bxh7+ Kxh7 17.Qxf8 Qf6 18.Rd3 Ne5 19.Rh3+ Kg6 20.Qh8 Qf5 21.Rg3+ Kf6
22.Qd8# 1-0

[Event "Ch World (juniors) (under 14)"]
[Site "masterchessopen.com Kemer (Turkey)"]
[Date "2007.11.20"]
[Round "3"]
[White "Bures Jaroslav (CZE)"]
[Black "Vidit Santosh Gujrathi (IND)"]
[Result "0-1"]
[WhiteElo "2156"]
[BlackElo "2315"]

1.e4 c5 2.Nf3 d6 3.d4 cxd4 4.Nxd4 Nf6 5.Nc3 Nc6 6.Bg5 e6 7.Qd2 Be7 8.O-O-O O-O
9.Nb3 Qb6 10.f3 a6 11.Na4 Qc7 12.Bxf6 Bxf6 13.g4 b5 14.Nc3 Be7 15.Kb1 Bb7
16.Bd3 b4 17.Ne2 Qb6 18.Qe1 a5 19.Qg1 Qc7 20.Ned4 Nxd4 21.Nxd4 a4 22.Qe3 Rfd8
23.f4 {#R} 0-1

[Event "Ch World (juniors) (under 14) (g)"]
[Site "masterchessopen.com Kemer (Turkey)"]
[Date "2007.11.26"]
[Round "9"]
[White "Padmini Rout (IND)"]
[Black "Jalabadze Natia (GEO)"]
[Result "1-0"]
[WhiteElo "2226"]
[BlackElo "1995"]

1.e4 c5 2.Nf3 d6 3.d4 cxd4 4.Nxd4 Nf6 5.Nc3 Nc6 6.Bg5 e6 7.Qd2 Be7 8.O-O-O O-O
9.Nb3 Qb6 10.f3 Rd8 11.Nb5 Rd7 12.Be3 Qd8 13.N5d4 Qc7 14.g4 Nxd4 15.Nxd4 Rd8
16.g5 Nd7 17.h4 a6 18.h5 Nf8 19.f4 f6 20.f5 fxg5 21.h6 g6 22.Bxg5 Bxg5 23.Qxg5
Re8 24.Qg3 Qe7 25.Bc4 Kh8 26.Kb1 exf5 27.exf5 Qe5 28.Rde1 Qxg3 29.Rxe8 Be6
30.Rxa8 Bxc4 31.Rxf8+ Bg8 32.f6 Qg2 33.Rc1 {#r} 1-0

[Event "Bundesliga (2nd) 2007/08 (w)"]
[Site "masterchessopen.com Germany"]
[Date "2007.12.01"]
[Round "3"]
[White "Sikorska Agata (POL)"]
[Black "Rath Alina (GER)"]
[Result "1-0"]
[WhiteElo "2107"]
[BlackElo "1884"]

1.e4 c5 2.Nf3 Nc6 3.d4 cxd4 4.Nxd4 Nf6 5.Nc3 d6 6.Bg5 e6 7.Qd2 Be7 8.O-O-O
Nxd4 9.Qxd4 O-O 10.f3 a6 11.g4 b5 12.Kb1 Rb8 13.Be3 Qc7 14.h4 b4 15.Ne2 a5
16.h5 e5 17.Qd2 Be6 18.g5 Nd7 19.f4 exf4 20.Nxf4 Nc5 21.Nxe6 fxe6 22.Bc4 Kh8
23.Qd4 e5 24.Qd5 Rf3 25.h6 g6 26.Rhf1 Rff8 27.Rf7 Rbe8 28.Rdf1 Rg8 29.Rg7 {#r}
1-0

[Event "Ch Commonwealth"]
[Site "masterchessopen.com New Delhi (India)"]
[Date "2007.12.05"]
[Round "4"]
[White "Ramnath Bhuvanesh (IND)"]
[Black "Vidit Santosh Gujrathi (IND)"]
[Result "0-1"]
[WhiteElo "2115"]
[BlackElo "2315"]

1.e4 c5 2.Nf3 d6 3.d4 cxd4 4.Nxd4 Nf6 5.Nc3 Nc6 6.Bg5 e6 7.Qd2 Be7 8.O-O-O O-O
9.f3 a6 10.h4 Nxd4 11.Qxd4 b5 12.Kb1 Bb7 13.g4 Qc7 14.Qd2 Rac8 15.Bd3 Rfd8
16.Qh2 b4 17.Ne2 a5 18.Bxf6 Bxf6 19.g5 Be5 20.f4 d5 21.exd5 Bd6 22.Rhf1 Bxd5
23.Nd4 Bc5 24.Nf3 a4 25.Ne5 a3 26.Qe2 axb2 27.Bc4 Qa7 28.Rxd5 exd5 29.Bb3 Bd4
30.Qb5 Bc3 31.Rd1 Rc5 32.Bxd5 Rcxd5 33.Rxd5 Qg1+ {#R} 0-1

[Event "Ch Europe (active) (places 9-12)"]
[Site "masterchessopen.com Warsaw (Poland)"]
[Date "2007.12.16"]
[Round "1"]
[White "Przybylski Wojciech (POL)"]
[Black "Balogh Csaba (HUN)"]
[Result "0-1"]
[WhiteElo "2395"]
[BlackElo "2562"]

1.e4 c5 2.Nf3 d6 3.d4 cxd4 4.Nxd4 Nf6 5.Nc3 Nc6 6.Bg5 e6 7.Qd2 Be7 8.O-O-O O-O
9.f3 a6 10.Be3 Nxd4 11.Bxd4 b5 12.Kb1 Nd7 13.Ne2 Bb7 14.g4 Ne5 15.Bg2 Qc7
16.h3 Rfd8 17.f4 Nc4 18.Qd3 b4 19.Rc1 a5 20.Rhd1 Ba6 21.Qf3 Rab8 22.Ka1 a4
23.Ng3 b3 24.Bf1 bxa2 25.b3 e5 26.Bc3 axb3 {#R} 0-1

[Event "It (open)"]
[Site "masterchessopen.com Zadar (Croatia)"]
[Date "2007.12.17"]
[Round "3"]
[White "Popovic Dusan (SRB)"]
[Black "Hoelzl Franz (AUT)"]
[Result "1-0"]
[WhiteElo "2552"]
[BlackElo "2374"]

1.e4 c5 2.Nf3 d6 3.d4 cxd4 4.Nxd4 Nf6 5.Nc3 Nc6 6.Bg5 e6 7.Qd2 Be7 8.O-O-O Qb6
9.Nb3 O-O 10.f3 d5 11.exd5 Nxd5 12.Nxd5 exd5 13.Bxe7 Nxe7 14.Qd4 Qc7 15.Bd3
Bf5 16.Kb1 Rfe8 17.g4 Bxd3 18.Qxd3 Rad8 19.Nd4 Nc6 20.Nf5 d4 21.Qd2 f6 22.h4
g6 23.Nh6+ Kg7 24.h5 Re3 25.hxg6 hxg6 26.Qg2 Rh8 27.Nf5+ {#r} 1-0

[Event "It (cat.10)"]
[Site "masterchessopen.com Wijk aan Zee (Netherlands)"]
[Date "2008.01.17"]
[Round "5"]
[White "Nijboer Friso (NED)"]
[Black "Krush Irina (USA)"]
[Result "1-0"]
[WhiteElo "2540"]
[BlackElo "2452"]

{ Nijboer Friso (NED) +1 =2 -0 Krush Irina (USA) +6 =1 -7 } 1.e4 c5 2.Nf3 d6
3.d4 cxd4 4.Nxd4 Nf6 5.Nc3 Nc6 6.Bg5 e6 7.Qd2 Qb6 ( 7...Be7 8.O-O-O O-O 9.f3
d5 10.exd5 Nxd5 11.Bxe7 Ncxe7 12.Nxd5 Nxd5 13.c4 Nb6 14.Nb5 Bd7 15.Qf4 Qe7
16.Nd6 Bc6 17.Bd3 Rfd8 18.Bc2 e5 19.Nf5 Qf6 20.Qg4 g6 21.Ng3 Kf8 22.Ne4 Qe7
23.Ng5 h6 24.Nh3 Bd7 25.Qe4 Rac8 26.Kb1 Nxc4 27.g4 { ...0-1, Paehtz Elisabeth
2449 - Krush Irina 2443 , Dortmund 5. 8.2006 Match } ) 8.Nb3 Be7 { ?/= }
9.Bxf6 ( 9.O-O-O O-O 10.f3 Rd8 11.Nb5 Rd7 12.Qe1 a6 13.N5d4 Qc7 14.h4 Ne5
15.Kb1 b5 16.g4 d5 17.Bxf6 gxf6 18.f4 Ng6 19.f5 Nf4 20.g5 e5 21.Qg3 Kh8 22.g6
Bf8 23.gxh7 Ng6 24.fxg6 exd4 25.g7+ Bxg7 26.Qg2 f5 27.exf5 Rd8 28.Bd3 Bf6 {
...1-0, Anand Viswanathan 2762 - Avrukh Boris 2625 , Haifa 2000 It (active) }
) 9...Bxf6 ( 9...gxf6 10.a4 a6 11.a5 Qc7 12.Na4 O-O 13.Nb6 Rb8 14.Bd3 Kh8
15.O-O Rg8 16.f4 Rg7 17.Kh1 Bd7 18.Rf3 Bd8 19.Nc4 Ne7 20.Nb6 Nc6 21.Nc4 Ne7
22.Nb6 Nc6 { 1/2-1/2, Potkin Vladimir 2540 - Miroshnichenko Evgenij 2617 , Bad
Wiessee 3.11.2004 It (open) } ) 10.Qxd6 Be7 ( 10...Be5 11.Qc5 Qxc5 12.Nxc5 Ke7
13.Bb5 Nd4 14.O-O-O Rd8 15.Rhe1 b6 16.Nd3 Bc7 17.Nb4 Kf8 18.Nc6 Nxc6 19.Bxc6
Rb8 20.Rxd8+ Bxd8 21.Rd1 Bg5+ 22.Kb1 a6 23.e5 a5 24.Ne4 Be7 25.a4 Ba6 26.Rd7
f5 27.Nd6 Bf1 28.g3 Rd8 29.f4 h6 30.Kc1 { ...1-0, Delchev Aleksander 2669 -
Zagrebelny Sergey 2513 , Tarragona 27. 8.2005 It (open) } ) 11.Qg3 O-O
12.O-O-O { +0.56 CAP N } ( 12.Bd3 a5 13.a4 Bf6 14.O-O Be5 15.Qh3 Nb4 16.Rab1
Nxd3 17.Qxd3 Rd8 18.Qc4 Bd7 19.Qc5 Qxc5 20.Nxc5 Bc6 21.Nb5 Rd2 22.c3 b6 23.Nb3
Rd7 24.f4 Bxb5 25.axb5 a4 26.Ra1 Raa7 27.Nc5 bxc5 28.fxe5 c4 29.b6 { 1-0, Acs
Peter 2623 - Estremera Panos Sergio 2354 , Saint Vincent 2002 It (open) } )
12...a6 13.Be2 Qa7 14.e5 b5 15.Ne4 Qc7 16.f4 Nb4 17.c3 Kh8 18.Kb1 Nd5 19.Bd3
Qb6 20.Nd4 Bd7 { ?! } ( 20...b4 { !? } 21.c4 Qxd4 22.cxd5 exd5 23.Bc2 Qb6
24.Rxd5 Be6 25.Rd2 Rad8 { } ) 21.Ng5 Bxg5 22.fxg5 a5 23.Bxh7 Kxh7 24.Qh4+ Kg8
25.Rd3 Rfc8 26.Rf1 b4 27.g6 Be8 28.Qh7+ Kf8 29.gxf7 { } {#r} 1-0

[Event "Ch Mittelfranken (team) (B2b) 2007/08"]
[Site "masterchessopen.com Germany"]
[Date "2008.02.17"]
[Round "6"]
[White "Kaiser Hans (GER)"]
[Black "Reuter Roland (GER)"]
[Result "1-0"]
[WhiteElo "1835"]
[BlackElo "1978"]

1.e4 c5 2.Nf3 Nc6 3.d4 cxd4 4.Nxd4 Nf6 5.Nc3 d6 6.Bg5 e6 7.Qd2 h6 8.Bxf6 Qxf6
9.Ndb5 Kd7 10.O-O-O e5 11.g3 Qe6 12.h4 g6 13.Nd5 f5 14.Nbc7 Qf7 15.Nxa8 fxe4
16.Bg2 h5 17.Kb1 Bh6 18.Ne3 Rd8 19.Qxd6+ {#r} 1-0

[Event "Ch Russia (juniors) (under 16)"]
[Site "masterchessopen.com Dagomys (Russia)"]
[Round "9"]
[White "Kopylova Natalia (RUS)"]
[Black "Ildzhirinova Saglara (RUS)"]
[Result "0-1"]
[WhiteElo "1845"]
[BlackElo "2112"]

1.e4 c5 2.Nf3 d6 3.d4 cxd4 4.Nxd4 Nf6 5.Nc3 Nc6 6.Bg5 e6 7.Qd2 Be7 8.O-O-O O-O
9.f3 Nxd4 10.Qxd4 a6 11.h4 Qc7 12.Kb1 b5 13.g4 Bb7 14.Qd2 Rac8 15.Bd3 Rfe8
16.h5 b4 17.Ne2 a5 18.Be3 Nd7 19.g5 Ne5 20.Nd4 d5 21.Rdg1 dxe4 22.fxe4 Bc5
23.Rh3 Red8 24.Nb3 Nc4 25.Bxc4 Rxd2 26.Nxd2 Bxe3 27.Rxe3 Qh2 28.Nf3 Qf2 {#R}
0-1

[Event "Ch Russia (club) (w)"]
[Site "masterchessopen.com Sochi (Russia)"]
[Date "2008.04.03"]
[Round "2"]
[White "Ivkina Olga (RUS)"]
[Black "Melnikova Yana (RUS)"]
[Result "0-1"]
[WhiteElo "2229"]
[BlackElo "2264"]

1.e4 c5 2.Nf3 Nc6 3.d4 cxd4 4.Nxd4 Nf6 5.Nc3 d6 6.Bg5 e6 7.Qd2 Qb6 8.Nb3 Be7
9.f3 O-O 10.O-O-O Rd8 11.Nb5 Rd7 12.Qe1 a6 13.Be3 Qd8 14.N5d4 Nxd4 15.Bxd4 e5
16.Bc3 b5 17.g3 Qb6 18.f4 Ng4 19.fxe5 dxe5 20.Rxd7 Bxd7 21.h3 b4 22.Bd2 Nf6
23.g4 a5 24.Kb1 a4 25.Nc1 a3 26.Nd3 axb2 27.Bxb4 Qa7 28.a3 Bxb4 29.Qxb4 Rb8
30.Qc5 Nxe4 {#R} 0-1

[Event "It (open)"]
[Site "masterchessopen.com Hilversum (Netherlands)"]
[Date "2008.04.12"]
[Round "8"]
[White "De Vreugt Dennis (NED)"]
[Black "Mchedlishvili Mikheil (GEO)"]
[Result "0-1"]
[WhiteElo "2435"]
[BlackElo "2615"]

1.e4 c5 2.Nf3 d6 3.d4 cxd4 4.Nxd4 Nf6 5.Nc3 Nc6 6.Bg5 e6 7.Qd2 Qb6 8.Nb3 Be7
9.Bxf6 Bxf6 10.Qxd6 Be5 11.Qd2 O-O 12.Bd3 Rd8 13.O-O a5 14.a4 Nb4 15.Nc1 Bd7
16.N1e2 Bc6 17.Kh1 g6 18.f4 Bg7 19.f5 exf5 20.exf5 Rd7 21.Ng3 Rad8 22.fxg6
hxg6 23.Rad1 Nxd3 24.cxd3 Qb4 25.Qe2 Qh4 26.Rfe1 f5 27.Qe6+ Kh7 28.Qe2 Bf6
29.Qc2 Kg7 30.Re6 Qxg3 31.hxg3 Bd4 {#R} 0-1

[Event "Ch Kazakhstan"]
[Site "masterchessopen.com Kustanay (Kazakhstan)"]
[Date "2008.04.22"]
[Round "4"]
[White "Kozganbayev Erken (KAZ)"]
[Black "Ivanilov Maxim (KAZ)"]
[Result "1-0"]
[WhiteElo "2249"]
[BlackElo "2158"]

1.e4 c5 2.Nf3 d6 3.d4 cxd4 4.Nxd4 Nf6 5.Nc3 Nc6 6.Bg5 e6 7.Qd2 Qb6 8.O-O-O
Qxd4 9.Qxd4 Nxd4 10.Rxd4 a6 11.Bc4 b5 12.Bb3 Bd7 13.f3 Bc6 14.Rd2 Nd7 15.Bf4
Ne5 16.Rhd1 Be7 17.Bg3 Rc8 18.Kb1 h5 19.h3 a5 20.a4 O-O {#r} 1-0

[Event "Ch Europe"]
[Site "masterchessopen.com Plovdiv (Bulgaria)"]
[Date "2008.04.27"]
[Round "7"]
[White "Almasi Zoltan (HUN)"]
[Black "Baramidze David (GER)"]
[Result "0-1"]
[WhiteElo "2663"]
[BlackElo "2557"]

{ Almasi Zoltan (HUN) +1 =1 -0 Baramidze David (GER) +0 =1 -1 } 1.e4 c5 2.Nf3
d6 3.d4 cxd4 4.Nxd4 Nf6 5.Nc3 Nc6 6.Bg5 e6 7.Qd2 Be7 8.O-O-O Nxd4 9.Qxd4 O-O {
? } 10.h4 ( 10.e5 dxe5 11.Qxe5 Bd7 12.Be2 Rc8 13.Be3 a6 14.g4 b5 15.g5 Ne8
16.Ne4 Qc7 17.Qxc7 Rxc7 18.Rhg1 Bc6 19.Nc5 Bf3 20.Bxf3 Bxc5 21.Rge1 Bxe3+
22.Rxe3 Rc5 23.h4 Nc7 24.Rd7 f6 25.Be4 fxg5 26.hxg5 Rxf2 27.b4 Rc4 28.Bd3 Rc6
29.Rh3 h5 { ...1-0, Akopian Vladimir 2707 - Jobava Baadur 2601 , Beer-Sheva
2.11.2005 Ch World (team) } ) 10...h6 ( 10...Qa5 11.Kb1 ( 11.Qd2 Rd8 12.Kb1
Qc7 13.f4 a6 14.Bd3 b5 15.a3 Rb8 16.e5 dxe5 17.fxe5 Nd5 18.Nxd5 Rxd5 19.Qf4 b4
20.a4 Bb7 21.Bxe7 Qxe7 22.Be4 Rdd8 23.b3 a5 24.Rhf1 Bxe4 25.Qxe4 Rd7 26.Qc6
Rbd8 27.Kc1 Rc7 28.Rxd8+ Qxd8 29.Qf3 h6 30.Rd1 { ...0-1, Luther Thomas 2550 -
Hracek Zbynek 2635 , Altensteig 1995 It (cat.12) } ) 11...Bd7 12.Qd2 Rfd8
13.Bd3 b5 14.Nd5 Qxd2 15.Nxe7+ Kf8 16.Ng6+ hxg6 17.Rxd2 Bc6 18.f3 Re8 19.c3 d5
20.Bxf6 gxf6 21.exd5 exd5 22.h5 Kg7 23.hxg6 fxg6 24.Kc2 Re3 25.Re2 Re5 26.Kd2
Rae8 27.Rh4 a6 28.a3 Rxe2+ 29.Bxe2 g5 30.Rh2 { ...1/2-1/2, Short Nigel D 2649
- Baramidze David 2569 , Khanty Mansyisk 25.11.2007 Cup World } ) 11.Bd2 (
11.f4 hxg5 12.hxg5 Ng4 13.Be2 e5 14.Qg1 exf4 15.Bxg4 Bxg4 16.Qh2 f5 17.Qh7+
Kf7 18.Rh6 Bxg5 19.Rhxd6 f3+ 20.Kb1 Qxd6 21.Rxd6 fxg2 22.Qh2 Bf3 23.Qg3 Rh8
24.Qxg5 Rh1+ 25.Nd1 g1=Q 26.Rd7+ Kf8 27.Qxf5+ Kg8 28.Qxf3 Rf8 29.Qb3+ Kh7 {
0-1, Anand Viswanathan 2725 - Kasparov Garry 2795 , Paris 1995 It "Intel Chess
Grand Prix" (active) } ) ( 11.Bxf6 Bxf6 12.Qxd6 Qa5 13.Qg3 a6 14.Kb1 Be5 15.f4
Bxc3 16.Qxc3 Qxc3 17.bxc3 b5 18.Rh3 e5 19.f5 Bb7 20.Re3 Rfc8 21.Rd7 Rab8
22.Be2 Bc6 23.Re7 Re8 24.Ra7 Ra8 25.Rxa8 Rxa8 26.c4 Kf8 27.g4 Ke7 28.Ra3 Kd6
29.cxb5 axb5 30.Rxa8 Bxa8 { ...1/2-1/2, Leitao Rafael 2526 - Zarnicki Pablo
2536 , Santos 2002 It (cat.9) } ) 11...e5 12.Qd3 ( 12.Qe3 Be6 13.Be2 Qc7
14.Qg3 Kh8 15.Bg5 Rac8 16.Bxf6 Bxf6 17.Bd3 Qa5 18.Qf3 { 1/2-1/2, Mateo Ramon
2385 - Trepp Markus 2380 , Dubai 1986 Olympiad } ) 12...Be6 13.f3 d5 (
13...Rc8 14.Be1 Qc7 15.Qe2 h5 16.g3 Rcd8 17.Nd5 Nxd5 18.exd5 Bf5 19.g4 Bg6
20.Qg2 Rc8 21.Bd3 hxg4 22.fxg4 Bxd3 23.Rxd3 Qc4 24.Kb1 { 1/2-1/2, Arnason Jon
L 2535 - Sosonko Gennadi 2535 , Salonika 1988 Olympiad } ) 14.exd5 { +0.22 CAP
} 14...Nxd5 15.Qe4 { N } ( 15.Nxd5 Qxd5 16.Qxd5 Bxd5 17.Bxh6 Bxa2 18.Rd7 Bc5
19.Bd2 Be6 20.Rxb7 Bb6 21.Bd3 Rfe8 22.Be4 Rac8 23.g4 Rc4 24.b3 Rcc8 25.Kb2
Red8 26.Bc3 Bd5 27.Re7 Bxe4 28.fxe4 Kf8 29.Rb7 Bd4 30.Bxd4 Rxd4 31.Rf1 f6
32.g5 Rc6 33.h5 Rd2 34.h6 Rcxc2+ { ...1/2-1/2, Arakhamia-Grant Ketevan 2446 -
Van Voorthuijsen Peewee 2250 , Bunratty 19. 2.2006 It (open) } ) 15...Nb4
16.Bxh6 Qa5 17.Bg5 f5 18.Qe1 Nxc2 { ?! } ( 18...Bxg5+ { !? } 19.hxg5 Rac8
20.a3 Rxc3 21.bxc3 Qxa3+ 22.Kd2 Rd8+ 23.Ke2 Nd5 24.Kf2 Qc5+ 25.Kg3 Kf7 { } )
19.Kxc2 Bb4 20.Bd2 { ?! } ( 20.Rd3 { !? } 20...Bxa2 21.Re3 Rac8 22.Rxe5 Bd5
23.Bd2 Bd6 24.Rxd5 Qxd5 25.Kb1 Qf7 26.Bb5 { } ) 20...Rac8 21.Ra1 Rfd8 22.Be2
Bxa2 23.Kc1 { ? } ( 23.Bd1 Qa4+ 24.Kc1 Bxc3 25.Bxc3 Qf4+ 26.Kc2 Qa4+ 27.Kc1
Qf4+ 28.Kc2 Qa4+ 29.Kc1 Qf4+ 30.Kc2 { } ) 23...Rxd2 24.Qxd2 Bxc3 25.bxc3 Qa3+
{ } {#R} 0-1

[Event "Ch Europe"]
[Site "masterchessopen.com Plovdiv (Bulgaria)"]
[Date "2008.04.29"]
[Round "8"]
[White "Mista Aleksander (POL)"]
[Black "Filev Georgi (BUL)"]
[Result "1-0"]
[WhiteElo "2559"]
[BlackElo "2375"]

1.e4 c5 2.Nf3 d6 3.d4 cxd4 4.Nxd4 Nf6 5.Nc3 Nc6 6.Bg5 e6 7.Qd2 Be7 8.O-O-O O-O
9.f3 a6 10.h4 Qc7 11.Kb1 Nxd4 12.Qxd4 b5 13.g4 Rb8 14.Qd2 b4 15.Ne2 a5 16.Nd4
Bd7 17.h5 a4 18.Be3 b3 19.cxb3 axb3 20.Nxb3 Ba4 21.Rc1 Qb7 22.g5 Nd7 23.Na5
Qa8 24.Rc4 Bb5 25.Rc7 Qa6 26.Ra7 Qc8 27.Bxb5 Rxb5 28.Rc1 Qd8 29.Nc6 Qe8 30.a4
Rb3 31.Ka2 {#r} 1-0

[Event "It \"]
[Site "masterchessopen.com Bad Homburg (Germany)"]
[Date "2008.05.22"]
[Round "2"]
[White "Launert Martin (GER)"]
[Black "Feicht Arno (GER)"]
[Result "0-1"]
[WhiteElo "2002"]
[BlackElo "2111"]

1.e4 c5 2.Nf3 d6 3.d4 cxd4 4.Nxd4 Nf6 5.Nc3 Nc6 6.Bg5 e6 7.Qd2 Be7 8.f3 O-O
9.O-O-O a6 10.g4 Nxd4 11.Qxd4 b5 12.Be2 Qa5 13.a3 Bb7 14.e5 dxe5 15.Qxe5 Rac8
16.Rd3 Nxg4 17.fxg4 Bxg5+ 18.Qxg5 Bxh1 19.Rh3 Be4 20.Qh4 Bg6 21.Bd3 Bxd3
22.cxd3 h6 23.g5 Qd8 24.Rg3 Rc5 25.Kd2 Rxg5 26.Ne4 Rxg3 27.Qxg3 Qd4 28.b4 Qb2+
29.Ke3 f5 {#R} 0-1

[Event "Tournament"]
[Site "masterchessopen.com Valinhos (Brazil)"]
[Round "3"]
[White "Borges Fernando (BRA)"]
[Black "Mello Marcos Fernando (BRA)"]
[Result "1-0"]
[WhiteElo "1911"]
[BlackElo "1586"]

1.e4 c5 2.Nf3 Nc6 3.d4 cxd4 4.Nxd4 Nf6 5.Nc3 d6 6.Bg5 e6 7.Qd2 Be7 8.O-O-O O-O
9.Ndb5 Qa5 10.Be2 Rd8 11.Kb1 a6 12.Nd4 Nxd4 13.Nd5 Qxd2 14.Nxe7+ Kf8 15.Rxd2
Nxe2 16.Nxc8 Nc3+ 17.bxc3 Nxe4 18.Nb6 Nxd2+ 19.Bxd2 Rab8 {#r} 1-0

[Event "Tournament"]
[Site "masterchessopen.com Valinhos (Brazil)"]
[Round "9"]
[White "Martinez Carlos Alejandro (BRA)"]
[Black "Mello Marcos Fernando (BRA)"]
[Result "1-0"]
[WhiteElo "2463"]
[BlackElo "1586"]

1.e4 c5 2.Nf3 Nc6 3.d4 cxd4 4.Nxd4 Nf6 5.Nc3 d6 6.Bg5 e6 7.Qd2 Be7 8.O-O-O
Nxd4 9.Qxd4 O-O 10.e5 Ne8 11.Bxe7 Qxe7 12.exd6 Qg5+ 13.f4 Qf6 14.d7 Bxd7
15.Qxd7 Qxf4+ 16.Qd2 Qc7 17.Bd3 Nf6 18.h3 a6 19.g4 Rac8 20.g5 Nd5 21.Nxd5 exd5
22.Rhe1 Rfd8 23.h4 b5 24.h5 g6 25.Rh1 a5 26.hxg6 fxg6 27.Qg2 b4 28.Kb1 a4
29.Bxg6 hxg6 30.Qh3 Qxc2+ 31.Ka1 Qf5 32.Qh7+ Kf8 33.Rde1 {#r} 1-0

[Event "It (open)"]
[Site "masterchessopen.com Voronezh (Russia)"]
[Date "2008.06.16"]
[Round "5"]
[White "Yegiazarian Arsen (ARM)"]
[Black "Savchenko Boris (RUS)"]
[Result "0-1"]
[WhiteElo "2491"]
[BlackElo "2648"]

1.e4 c5 2.Nf3 d6 3.d4 cxd4 4.Nxd4 Nf6 5.Nc3 Nc6 6.Bg5 e6 7.Qd2 Be7 8.O-O-O
Nxd4 9.Qxd4 O-O 10.e5 dxe5 11.Qxe5 Qb6 12.Be2 Nd7 13.Qg3 Bxg5+ 14.Qxg5 Qxf2
15.Qe7 Qxg2 16.Rhg1 Qf2 17.Rg3 g6 18.Bb5 Nb6 19.Qh4 Nd5 20.Rf1 Qc5 21.Rh3 h5
22.Qg5 e5 23.Nxd5 Qxd5 24.Rxh5 Qxb5 25.Rg1 Qc5 26.Rg2 Bg4 27.Qxg4 Qe3+ 28.Rd2
Rfd8 {#R} 0-1

[Event "It (open)"]
[Site "masterchessopen.com Voronezh (Russia)"]
[Date "2008.06.18"]
[Round "6"]
[White "Ponomariov Timur (RUS)"]
[Black "Ulko Jaroslav (RUS)"]
[Result "0-1"]
[WhiteElo "2307"]
[BlackElo "2481"]

1.e4 c5 2.Nf3 d6 3.d4 cxd4 4.Nxd4 Nf6 5.Nc3 Nc6 6.Bg5 e6 7.Qd2 Be7 8.O-O-O
Nxd4 9.Qxd4 a6 10.f4 O-O 11.e5 dxe5 12.Qxe5 Qb6 13.Be2 Bd7 14.f5 Rac8 15.h4
Rfe8 16.Rh3 exf5 17.Rg3 Ba3 18.Qxf6 Qxb2+ 19.Kd2 Rxc3 20.Qxc3 Bb4 21.Bf6 g6
22.Bc4 Bxc3+ 23.Bxc3 Qb6 24.Kc1 Qc7 25.Rf3 Bc6 26.Bd5 Rd8 27.Re3 Qf4 28.Re1
Bxd5 29.g3 Qa4 {#R} 0-1